000 00422nam a2200181Ia 4500
005 20250425161300.0
008 250425s9999 xx 000 0 und d
041 _aspa
082 _a301.44
100 _aRICARDO, CASSIANO
245 0 _aLA MARCHA HACIA EL OESTE
250 _a1A ED.
260 _aMEXICO
260 _aMéxico
_bFONDO DE CULTURA ECONOMICA
_c1956
300 _a611
942 _c01
010 _a16825
999 _c206082
_d206082